| 000 | 01007nmc a2200337 a 4500 | ||
|---|---|---|---|
| 003 | AR-BaBNM | ||
| 005 | 20251128204341.0 | ||
| 008 | 080020s1992 ||||||||||||||000 | spa|| | ||
| 020 | _a950-12-7702-X | ||
| 040 | _cAR-BaBNM | ||
| 100 | 1 | _aAssadourian, Carlos S. | |
| 245 | 1 | 0 |
_aArgentina _bDe la conquista a la independencia |
| 260 |
_aBuenos Aires _bPaidós _c1992 |
||
| 300 |
_a382 p. _bmapas, il., láms.,tablas |
||
| 490 | 0 |
_aHistoria argentina _vv. 2 |
|
| 500 | _aIndíces analíticos p. 367-382 | ||
| 504 | _aBibliografía p. 365-366 | ||
| 650 | 4 | _aPERIODO HISPANICO | |
| 650 | 4 | _aHISTORIA SOCIAL | |
| 650 | 4 | _aHISTORIA DE LA EDUCACION | |
| 650 | 4 | _aDEMOGRAFIA HISTORICA | |
| 650 | 4 | _aHISTORIA POLITICA | |
| 650 | 4 | _aINSTITUCIONES HISPANOAMERICANAS | |
| 650 | 4 | _aHISTORIA DE LAS RELIGIONES | |
| 650 | 4 | _aHISTORIA ECONOMICA | |
| 700 | 1 | _aBeato, Guillermo | |
| 700 | 1 | _aChiaramonte, José Carlos | |
| 800 | 1 |
_aHalperin Donghi, Tulio _edirector |
|
| 942 | _cBK | ||
| 998 | _cMariana | ||
| 999 |
_c7116 _d7116 |
||